000 00938nas a2200301 4500
001 BR2013010759
003 BR-BrBNA
005 20231205123516.0
007 ta
008 230509b bl.|||p| |||| 00| 00por d
040 _aBR-BrBNA
_bpor
_cBiblioteca Nacional de Agricultura
041 _a(Pt)
072 _aN10
100 1 _aFurtado, D.A.
100 1 _aTinoco, I.F.F.
100 1 _aNascimento, J.W.B. do
100 1 _aLeal, A.F.
100 1 _aAzevedo, M.A.
245 1 _aCaracterização das instalações avícolas na Mesorregião do Agreste Paraibano
650 _aAVIÁRIO
650 _aINSTALAÇÃO PARA ANIMAL
650 _aCONSTRUÇÃO RURAL
650 _aAVICULTURA
773 0 _tEngenharia Agrícola (Brazil)
_xISSN 0100-6916
_g(Sep-Dec 2005), v. 25(3) p. 831-840
_wBR2013010759
856 4 0 _uhttp://www.scielo.br/pdf/eagri/v25n3/28080.pdf
909 _a202311
_bLúcia
_c55
_dLúcia Elande
942 _2AGRIS
_n0
_cANA
999 _c234272
_d234272